Loading...
Current Events | 6 | 16.67 | 100% | 17% | 50% |
Fine Arts - Classical Music | 8 | 21.25 | 100% | 50% | 63% |
Fine Arts - Other Fine Arts | 7 | 20.00 | 100% | 86% | 14% |
Fine Arts - Painting and Sculpture | 5 | 16.00 | 100% | 40% | 20% |
History - American History | 4 | 12.50 | 100% | 25% | 0% |
History - European History | 5 | 22.00 | 100% | 80% | 40% |
History - Other History | 4 | 17.50 | 100% | 50% | 25% |
History - World History | 9 | 20.00 | 100% | 78% | 22% |
Literature - Drama | 4 | 20.00 | 100% | 75% | 25% |
Literature - Long Fiction | 10 | 20.00 | 90% | 70% | 40% |
Literature - Misc Literature | 2 | 20.00 | 100% | 50% | 50% |
Literature - Poetry | 6 | 13.33 | 83% | 33% | 17% |
Literature - Short Fiction | 3 | 20.00 | 100% | 67% | 33% |
Mythology | 2 | 20.00 | 100% | 100% | 0% |
Other Academic | 7 | 20.00 | 100% | 71% | 29% |
Philosophy | 6 | 16.67 | 100% | 67% | 0% |
Religion | 5 | 14.00 | 100% | 40% | 0% |
Science - Biology | 6 | 13.33 | 100% | 33% | 0% |
Science - Chemistry | 6 | 13.33 | 83% | 33% | 17% |
Science - Other Science | 5 | 10.00 | 80% | 20% | 0% |
Science - Physics | 5 | 18.00 | 100% | 80% | 0% |
Social Science | 10 | 12.00 | 90% | 30% | 0% |